Enhanced Accuracy for Six Commands BCI System Using Hybrid ERPs/SSVEP Based Paradigm / (Record no. 608792)
[ view plain ]
| 000 -LEADER | |
|---|---|
| fixed length control field | 00576nam a22001577a 4500 |
| 003 - CONTROL NUMBER IDENTIFIER | |
| control field | NUST |
| 082 ## - DEWEY DECIMAL CLASSIFICATION NUMBER | |
| Classification number | 629.8 |
| 100 ## - MAIN ENTRY--PERSONAL NAME | |
| Personal name | NAEEM ,MEHREEN |
| 245 ## - TITLE STATEMENT | |
| Title | Enhanced Accuracy for Six Commands BCI System Using Hybrid ERPs/SSVEP Based Paradigm / |
| Statement of responsibility, etc. | MEHREEN NAEEM |
| 264 ## - PRODUCTION, PUBLICATION, DISTRIBUTION, MANUFACTURE, AND COPYRIGHT NOTICE | |
| Place of production, publication, distribution, manufacture | Islamabad: |
| Name of producer, publisher, distributor, manufacturer | SMME- NUST. |
| Date of production, publication, distribution, manufacture, or copyright notice | 2021. |
| 300 ## - PHYSICAL DESCRIPTION | |
| Extent | 67P. ; |
| Other physical details | Soft Copy, |
| Dimensions | 30cm. |
| 650 ## - SUBJECT ADDED ENTRY--TOPICAL TERM | |
| Topical term or geographic name entry element | MS Robotics and Intelligent Machine Engineering |
| 700 ## - ADDED ENTRY--PERSONAL NAME | |
| Personal name | Supervisor : Dr. Muhammad Jawad Khan |
| 856 ## - ELECTRONIC LOCATION AND ACCESS | |
| Uniform Resource Identifier | <a href="http://10.250.8.41:8080/xmlui/handle/123456789/35616">http://10.250.8.41:8080/xmlui/handle/123456789/35616</a> |
| 942 ## - ADDED ENTRY ELEMENTS (KOHA) | |
| Source of classification or shelving scheme | |
| Koha item type | Thesis |
No items available.
